000 01683aam a2200349 i 4500
001 768714001
003 CO-MdFUSB
005 20231121113430.0
007 ta
008 231024t19651973spa||||g |||| 00| 0 spa d
020 _a8426442463
040 _aCO-MdFUSB
_bspa
_cCO-MdFUSB
_dCO-MdFUSBC
_erda
041 _aspa
_heng
082 _223
_a843.91
_bSA247
100 _aSarrazín, Albertine,
_eautor
240 _aL´Astragale
245 3 _aEl astrágalo
_c/ Albertine Sarrazín ; traducido por Javier Albiñana
264 1 _aBarcelona, España :
_bLumen,
_c[1973]
264 4 _c©1973
300 _a185 páginas
_c; 18 cm
336 _2rdacontent
_atexto
_btxt
337 _2rdamedia
_asin mediación
_bn
338 _2rdacarrier
_avolumen
_bnc
490 _aEdiciones de bolsillo
520 _aAlbertine Sarrazin, nacida en Argel, el 17 de septiembre de 1937, protagonizo una vida inquieta y aventurera, que refleja en dos de sus novelas autobiográficas. El astrágalo y la fuga. Como en el caso de otro escritor francés, Jean Genet, en Albertine Sarrazin la vida azarosa, descabellada, al margen de las leyes y de las costumbres sociales, la conduce a la cárcel, pero es tambien el motivo de sus memorias literarias, que ofrece al lector bajo forma de novelas. Así el astrágalo es el relato biográfico de la asombrosa huida de la autora de la prisión de Amiens, donde cumplía sentencia por complicidad en un atraco a mano armada en la avenida Mac Mahón.
563 _aRústico.
650 7 _9409
_aBiografía
650 0 _92480
_aLiteratura francesa
_xBiografías.
700 _98843
_aAlbiñana, Javier,
_etraductor
942 _cBK
945 _asor1564
999 _c69214
_d69214